[Event "Botvinnik Memorial-B"]
[Site "Elista"]
[Date "2002.08.24"]
[Round "7"]
[White "Matanovic, Aleksandar"]
[Black "Shabanov, Yuri"]
[Result "1/2-1/2"]
[WhiteElo "2490"]
[BlackElo "2445"]
[PlyCount "79"]
[EventDate "2002.08.17"]
[EventType "tourn"]
[EventRounds "9"]
[EventCountry "RUS"]
[EventCategory "5"]
[SourceTitle "CBM 089 Extra"]
[Source "ChessBase"]
[SourceDate "2002.09.10"]
[SourceVersion "2"]
[SourceVersionDate "2002.09.10"]
[SourceQuality "1"]

1. e4 d6 2. d4 Nf6 3. Nc3 g6 4. Nf3 Bg7 5. Be2 0-0 6. h3 c6 7. a4 d5 8. e5 Ne4 9. 0-0 c5 10. Bd3 Nc6 11. Nxe4 dxe4 12. Bxe4 Nxd4 13. Re1 Rb8 14. Nxd4 Qxd4 15. Qxd4 cxd4 16. f4 Bf5 17. Bd2 Rfc8 18. c3 dxc3 19. Bxc3 Bxe4 20. Rxe4 Rd8 21. Kf2 Kf8 22. Ke3 Ke8 23. Rd4 Rbc8 24. Rxd8+ Kxd8 25. Rd1+ Ke8 26. g4 e6 27. Bd4 a6 28. Rd3 Bf8 29. Rb3 Rc7 30. Rb6 Kd7 31. Ke4 Kc8 32. f5 Rc6 33. fxe6 Rxb6 34. e7 Bxe7 35. Bxb6 Kd7 36. Kd5 Bg5 37. b4 Be7 38. b5 axb5 39. axb5 Bg5 40. Ke4 1/2-1/2

[Event "Vienna op"]
[Site "Vienna"]
[Date "1986.??.??"]
[Round "?"]
[White "Garcia Palermo, Carlos H"]
[Black "Matanovic, Aleksandar"]
[Result "1-0"]
[WhiteElo "2550"]
[BlackElo "2495"]
[PlyCount "45"]
[EventDate "1986.11.??"]
[EventType "swiss"]
[EventRounds "9"]
[EventCountry "AUT"]
[SourceTitle "EXT 2002"]
[Source "ChessBase"]
[SourceDate "2001.11.25"]
[SourceVersion "1"]
[SourceVersionDate "2001.11.25"]
[SourceQuality "1"]

1. d4 Nf6 2. c4 e6 3. Nc3 Bb4 4. e3 c5 5. Nge2 d5 6. a3 cxd4 7. axb4 dxc3 8. Nxc3 0-0 9. b5 dxc4 10. Bxc4 Qc7 11. Qe2 a5 12. e4 Nbd7 13. f4 b6 14. e5 Ne8 15. b3 Nc5 16. Na4 f6 17. Nxc5 bxc5 18. exf6 Rxf6 19. 0-0 Nd6 20. Bb2 Rh6 21. Qe5 Qe7 22. Rad1 Nxc4 23. Rd8+ 1-0

[Event "Vienna op"]
[Site "Vienna"]
[Date "1986.??.??"]
[Round "?"]
[White "Matanovic, Aleksandar"]
[Black "Felsberger, Alfred"]
[Result "1/2-1/2"]
[WhiteElo "2495"]
[BlackElo "2315"]
[PlyCount "37"]
[EventDate "1986.11.??"]
[EventType "swiss"]
[EventRounds "9"]
[EventCountry "AUT"]
[SourceTitle "CBM 001"]
[Source "ChessBase"]
[SourceDate "2004.01.01"]
[SourceVersion "1"]
[SourceVersionDate "2004.01.01"]
[SourceQuality "1"]

1. e4 c5 2. Nf3 d6 3. d4 cxd4 4. Nxd4 Nf6 5. Nc3 Nc6 6. Bg5 e6 7. Qd2 Be7 8. 0-0-0 0-0 9. f4 h6 10. Bxf6 Bxf6 11. Ndb5 e5 12. g3 Bg4 13. Be2 Bxe2 14. Qxe2 a6 15. Rxd6 Qb8 16. Rxf6 gxf6 17. Qg4+ Kh8 18. Qh5 Kg7 19. Qg4+ 1/2-1/2

[Event "Graz"]
[Site "Graz"]
[Date "1984.??.??"]
[Round "?"]
[White "Klinger, Josef"]
[Black "Matanovic, Aleksandar"]
[Result "1/2-1/2"]
[WhiteElo "2310"]
[BlackElo "2490"]
[PlyCount "27"]
[EventDate "1984.12.??"]
[EventType "tourn"]
[EventRounds "13"]
[EventCountry "AUT"]
[EventCategory "9"]
[SourceTitle "MCD"]
[Source "ChessBase"]
[SourceDate "1999.07.01"]
[SourceVersion "1"]
[SourceVersionDate "1999.07.01"]
[SourceQuality "1"]

1. e4 e5 2. Nf3 Nc6 3. Bb5 a6 4. Ba4 Nf6 5. 0-0 Be7 6. Re1 b5 7. Bb3 d6 8. a4 Bg4 9. c3 0-0 10. d3 Na5 11. Bc2 c5 12. Nbd2 Qc7 13. Nf1 Nd7 14. Ne3 1/2-1/2

[Event "Graz"]
[Site "Graz"]
[Date "1984.??.??"]
[Round "?"]
[White "Nogueiras Santiago, Jesus"]
[Black "Matanovic, Aleksandar"]
[Result "1/2-1/2"]
[WhiteElo "2470"]
[BlackElo "2490"]
[PlyCount "48"]
[EventDate "1984.12.??"]
[EventType "tourn"]
[EventRounds "13"]
[EventCountry "AUT"]
[EventCategory "9"]
[SourceTitle "MCD"]
[Source "ChessBase"]
[SourceDate "1999.07.01"]
[SourceVersion "1"]
[SourceVersionDate "1999.07.01"]
[SourceQuality "1"]

1. d4 Nf6 2. c4 e6 3. g3 d5 4. Bg2 dxc4 5. Nf3 Bd7 6. Qc2 c5 7. Qxc4 Bc6 8. dxc5 Qd5 9. Qxd5 Bxd5 10. Nc3 Bxc5 11. Nxd5 Nxd5 12. Ne5 Bb4+ 13. Bd2 Bxd2+ 14. Kxd2 Ke7 15. Rhd1 Rd8 16. Ke1 f6 17. Nd3 Nc6 18. Rac1 Rac8 19. Nc5 b6 20. Bxd5 Rxd5 21. Rxd5 exd5 22. Nb3 Kd7 23. Rd1 Ke6 24. e3 Re8 1/2-1/2

[Event "Lloyds Bank op 07th"]
[Site "London"]
[Date "1983.09.01"]
[Round "9"]
[White "Matanovic, Aleksandar"]
[Black "Razuvaev, Yuri S"]
[Result "1/2-1/2"]
[WhiteElo "2485"]
[BlackElo "2520"]
[PlyCount "34"]
[EventDate "1983.08.24"]
[EventType "swiss"]
[EventRounds "9"]
[EventCountry "ENG"]
[SourceTitle "EXT 2000"]
[Source "ChessBase"]
[SourceDate "1999.11.16"]
[SourceVersion "1"]
[SourceVersionDate "1999.11.16"]
[SourceQuality "1"]

1. e4 e5 2. Nf3 Nc6 3. Bb5 a6 4. Ba4 Nf6 5. 0-0 Be7 6. Re1 b5 7. Bb3 0-0 8. c3 d6 9. h3 Bb7 10. d4 Re8 11. Nbd2 Bf8 12. a4 h6 13. Bc2 exd4 14. cxd4 Nb4 15. Bb1 g6 16. Ra3 Bg7 17. Rae3 c5 1/2-1/2

[Event "First Lady of Indonesia Cup"]
[Site "Surakarta"]
[Date "1982.03.11"]
[Round "25"]
[White "Gheorghiu, Florin"]
[Black "Matanovic, Aleksandar"]
[Result "1/2-1/2"]
[WhiteElo "2550"]
[BlackElo "2495"]
[PlyCount "25"]
[EventDate "1982.02.09"]
[EventType "tourn"]
[EventRounds "25"]
[EventCountry "INA"]
[EventCategory "9"]
[SourceTitle "MCD"]
[Source "ChessBase"]
[SourceDate "1999.07.01"]
[SourceVersion "1"]
[SourceVersionDate "1999.07.01"]
[SourceQuality "1"]

1. d4 Nf6 2. c4 e6 3. Nf3 b6 4. g3 Bb7 5. Bg2 Be7 6. 0-0 0-0 7. Nc3 Ne4 8. Qc2 Nxc3 9. Qxc3 f5 10. b3 Bf6 11. Ba3 d6 12. Rfd1 Qe8 13. Rac1 1/2-1/2

[Event "First Lady of Indonesia Cup"]
[Site "Surakarta"]
[Date "1982.03.02"]
[Round "18"]
[White "Handoko, Edhi"]
[Black "Matanovic, Aleksandar"]
[Result "0-1"]
[WhiteElo "2370"]
[BlackElo "2495"]
[PlyCount "80"]
[EventDate "1982.02.09"]
[EventType "tourn"]
[EventRounds "25"]
[EventCountry "INA"]
[EventCategory "9"]
[SourceTitle "MCD"]
[Source "ChessBase"]
[SourceDate "1999.07.01"]
[SourceVersion "1"]
[SourceVersionDate "1999.07.01"]
[SourceQuality "1"]

1. e4 e5 2. f4 exf4 3. Nf3 d5 4. exd5 Nf6 5. c4 c6 6. d4 cxd5 7. Bxf4 Bb4+ 8. Nc3 0-0 9. Bd3 dxc4 10. Bxc4 Nc6 11. 0-0 Bg4 12. Be3 Rc8 13. Bb3 Be7 14. Qd2 Na5 15. Ne5 Nxb3 16. axb3 Be6 17. Rxa7 Qb6 18. Raa1 Qxb3 19. Bg5 Nd5 20. Bxe7 Nxe7 21. Ra3 Qb4 22. Ra4 Qb6 23. Ne4 Nc6 24. Nf3 Rcd8 25. Qf2 Bd5 26. Re1 Rfe8 27. Nc3 Rxe1+ 28. Nxe1 Bb3 29. Ra3 Nxd4 30. Kh1 Qd6 31. Ne4 Qe7 32. Nd2 Bd5 33. Re3 Ne6 34. h3 Bc6 35. Nd3 Qd7 36. Nc4 f6 37. Rg3 Qd4 38. Qxd4 Nxd4 39. Nf4 Nf5 40. Ra3 Rd4 0-1

[Event "First Lady of Indonesia Cup"]
[Site "Surakarta"]
[Date "1982.02.16"]
[Round "7"]
[White "Matanovic, Aleksandar"]
[Black "Christiansen, Larry Mark"]
[Result "0-1"]
[WhiteElo "2495"]
[BlackElo "2585"]
[PlyCount "70"]
[EventDate "1982.02.09"]
[EventType "tourn"]
[EventRounds "25"]
[EventCountry "INA"]
[EventCategory "9"]
[SourceTitle "MCD"]
[Source "ChessBase"]
[SourceDate "1999.07.01"]
[SourceVersion "1"]
[SourceVersionDate "1999.07.01"]
[SourceQuality "1"]

1. e4 g6 2. d4 Bg7 3. Nc3 d6 4. Nf3 Nf6 5. Be2 0-0 6. 0-0 Nc6 7. d5 Nb4 8. Be3 a5 9. Re1 c6 10. a3 Na6 11. h3 Qc7 12. Bf1 Bd7 13. Qd2 Rfe8 14. Bh6 Nc5 15. Bxg7 Kxg7 16. Rad1 a4 17. Qd4 Kg8 18. g4 Qb6 19. Rb1 Rf8 20. Bg2 Rae8 21. b4 axb3 22. cxb3 Qa6 23. dxc6 Bxc6 24. e5 Ne6 25. Qb4 dxe5 26. Rxe5 b6 27. Rbe1 Qb7 28. Nh4 Bxg2 29. Nxg2 Rd8 30. Nb5 Rd3 31. Kh2 Rxh3+ 32. Kxh3 Qf3+ 33. Kh2 Nxg4+ 34. Kg1 Qxf2+ 35. Kh1 Qg3 0-1

[Event "First Lady of Indonesia Cup"]
[Site "Surakarta"]
[Date "1982.02.10"]
[Round "2"]
[White "Kurajica, Bojan"]
[Black "Matanovic, Aleksandar"]
[Result "1-0"]
[WhiteElo "2510"]
[BlackElo "2495"]
[PlyCount "91"]
[EventDate "1982.02.09"]
[EventType "tourn"]
[EventRounds "25"]
[EventCountry "INA"]
[EventCategory "9"]
[SourceTitle "MCD"]
[Source "ChessBase"]
[SourceDate "1999.07.01"]
[SourceVersion "1"]
[SourceVersionDate "1999.07.01"]
[SourceQuality "1"]

1. d4 Nf6 2. Nf3 b6 3. g3 Bb7 4. Bg2 g6 5. 0-0 Bg7 6. c4 0-0 7. d5 Na6 8. Nc3 Nc5 9. Nd4 e5 10. Nc2 a5 11. e4 c6 12. Re1 cxd5 13. cxd5 Ba6 14. Bf1 Bxf1 15. Kxf1 d6 16. Kg2 Ne8 17. b4 Nd7 18. Rb1 f5 19. bxa5 bxa5 20. Na3 Rc8 21. Bd2 Nef6 22. f3 fxe4 23. Nxe4 Nxe4 24. fxe4 Nc5 25. Qe2 a4 26. Nc4 Rb8 27. Ba5 Qd7 28. Bb6 Bf6 29. Bxc5 dxc5 30. Qd3 h5 31. Rf1 Rxb1 32. Rxb1 h4 33. h3 Bg7 34. gxh4 Kh7 35. Rf1 Rxf1 36. Qxf1 Qe7 37. Qf2 Bf6 38. d6 Qe6 39. Qxc5 Bxh4 40. Qa7+ Kg8 41. Qxa4 Qf7 42. Qc2 Qf4 43. Kg1 Kg7 44. d7 Qg3+ 45. Qg2 Qd3 46. Qxg6+ 1-0

[Event "YUG-chT 33rd"]
[Site "Arandjelovac"]
[Date "1981.08.22"]
[Round "6.2"]
[White "Martinovic, Slobodan"]
[Black "Matanovic, Aleksandar"]
[Result "1/2-1/2"]
[WhiteElo "2475"]
[BlackElo "2500"]
[PlyCount "34"]
[EventDate "1981.08.16"]
[EventType "team"]
[EventRounds "9"]
[EventCountry "SRB"]
[SourceTitle "EXT 2021"]
[Source "ChessBase"]
[SourceDate "2020.10.23"]
[SourceVersion "1"]
[SourceVersionDate "2020.10.23"]
[SourceQuality "1"]
[WhiteTeam "Smederevska Palanka Gosa"]
[BlackTeam "Belgrade Crvena Zvezda"]
[WhiteTeamCountry "YUG"]
[BlackTeamCountry "YUG"]

1. g3 d5 2. Bg2 Nf6 3. d3 c6 4. Nf3 Bg4 5. Nbd2 Nbd7 6. h3 Bxf3 7. Bxf3 e6 8. 0-0 Bc5 9. a3 a5 10. b3 Qc7 11. e3 0-0 12. Bg2 b5 13. Bb2 Rab8 14. Qe2 e5 15. Nf3 Rfe8 16. d4 exd4 17. Nxd4 Bf8 1/2-1/2

[Event "YUG-chT 33rd"]
[Site "Arandjelovac"]
[Date "1981.08.19"]
[Round "4.2"]
[White "Kovacevic, Vlatko"]
[Black "Matanovic, Aleksandar"]
[Result "1/2-1/2"]
[WhiteElo "2500"]
[BlackElo "2500"]
[PlyCount "106"]
[EventDate "1981.08.16"]
[EventType "team"]
[EventRounds "9"]
[EventCountry "SRB"]
[SourceTitle "EXT 2021"]
[Source "ChessBase"]
[SourceDate "2020.10.23"]
[SourceVersion "1"]
[SourceVersionDate "2020.10.23"]
[SourceQuality "1"]
[WhiteTeam "Zagreb Mladost Industrogradnja"]
[BlackTeam "Belgrade Crvena Zvezda"]
[WhiteTeamCountry "YUG"]
[BlackTeamCountry "YUG"]

1. d4 Nf6 2. Bg5 d5 3. e3 c6 4. Nd2 Qb6 5. Bd3 Qxb2 6. Ngf3 Nbd7 7. 0-0 e6 8. Qe2 Be7 9. Rab1 Qa3 10. c4 Qa5 11. Rfe1 0-0 12. e4 Qd8 13. Rb3 dxe4 14. Nxe4 Re8 15. Bb1 Nf8 16. Nxf6+ Bxf6 17. Bxf6 Qxf6 18. Ne5 Qe7 19. Rh3 f5 20. c5 Rd8 21. Qc4 Rd5 22. a4 Qd8 23. Rd3 Qa5 24. Rdd1 Qc7 25. Ba2 Rd8 26. Qc1 g6 27. h4 Qe7 28. h5 gxh5 29. Qh6 h4 30. Re3 Kh8 31. Rh3 Bd7 32. Rxh4 Be8 33. Rd3 Qg7 34. Qf4 Ng6 35. Nxg6+ Bxg6 36. Bxe6 Qf6 37. Re3 Re8 38. Bb3 Rad8 39. Bc2 Re7 40. g3 Red7 41. Rd3 b6 42. cxb6 axb6 43. Qd2 c5 44. d5 Qe5 45. Qg5 Qe7 46. Qxe7 Rxe7 47. Rf4 Re5 48. d6 Kg7 49. d7 Kf6 50. Rd6+ Re6 51. Rd1 Ke7 52. Bxf5 Bxf5 53. Rxf5 Rxd7 1/2-1/2

[Event "Boris Kostic Memorial-06"]
[Site "Vrsac"]
[Date "1979.09.24"]
[Round "15"]
[White "Jansa, Vlastimil"]
[Black "Matanovic, Aleksandar"]
[Result "1/2-1/2"]
[WhiteElo "2495"]
[BlackElo "2495"]
[PlyCount "31"]
[EventDate "1979.09.07"]
[EventType "tourn"]
[EventRounds "15"]
[EventCountry "YUG"]
[EventCategory "9"]
[SourceTitle "EXT 2002"]
[Source "ChessBase"]
[SourceDate "2001.11.25"]
[SourceVersion "1"]
[SourceVersionDate "2001.11.25"]
[SourceQuality "1"]

1. e4 e5 2. Nf3 Nc6 3. Bb5 a6 4. Ba4 Nf6 5. 0-0 Be7 6. Re1 b5 7. Bb3 d6 8. c3 0-0 9. h3 Nd7 10. d4 Nb6 11. Nbd2 exd4 12. cxd4 Nb4 13. Nf1 c5 14. a3 Nc6 15. Be3 c4 16. Bc2 1/2-1/2

[Event "Boris Kostic Memorial-06"]
[Site "Vrsac"]
[Date "1979.09.17"]
[Round "10"]
[White "Matanovic, Aleksandar"]
[Black "Matulovic, Milan"]
[Result "1/2-1/2"]
[WhiteElo "2495"]
[BlackElo "2510"]
[PlyCount "30"]
[EventDate "1979.09.07"]
[EventType "tourn"]
[EventRounds "15"]
[EventCountry "YUG"]
[EventCategory "9"]
[SourceTitle "EXT 2002"]
[Source "ChessBase"]
[SourceDate "2001.11.25"]
[SourceVersion "1"]
[SourceVersionDate "2001.11.25"]
[SourceQuality "1"]

1. e4 c5 2. Nf3 Nc6 3. d4 cxd4 4. Nxd4 Qc7 5. Nb5 Qb8 6. c4 Nf6 7. N5c3 e6 8. f4 d6 9. Be2 b6 10. Be3 Be7 11. 0-0 0-0 12. Bf3 Bb7 13. Nd2 Nd7 14. Nb3 Rd8 15. Rc1 Nc5 1/2-1/2

[Event "Boris Kostic Memorial-06"]
[Site "Vrsac"]
[Date "1979.09.10"]
[Round "4"]
[White "Matanovic, Aleksandar"]
[Black "Vukic, Milan"]
[Result "1/2-1/2"]
[WhiteElo "2495"]
[BlackElo "2485"]
[PlyCount "38"]
[EventDate "1979.09.07"]
[EventType "tourn"]
[EventRounds "15"]
[EventCountry "YUG"]
[EventCategory "9"]
[SourceTitle "EXT 2002"]
[Source "ChessBase"]
[SourceDate "2001.11.25"]
[SourceVersion "1"]
[SourceVersionDate "2001.11.25"]
[SourceQuality "1"]

1. e4 c5 2. Nf3 e6 3. d4 cxd4 4. Nxd4 Nf6 5. Nc3 Nc6 6. Ndb5 d6 7. Bf4 e5 8. Bg5 a6 9. Na3 b5 10. Bxf6 gxf6 11. Nd5 f5 12. Bd3 Be6 13. Qh5 Bg7 14. 0-0 f4 15. c4 bxc4 16. Bxc4 0-0 17. Rac1 Rb8 18. b3 Qd7 19. Bd3 Kh8 1/2-1/2

[Event "YUG Team-ch31"]
[Site "Donji Milanovac"]
[Date "1979.09.05"]
[Round "9.1"]
[White "Rajkovic, Dusan"]
[Black "Matanovic, Aleksandar"]
[Result "1-0"]
[WhiteElo "2490"]
[BlackElo "2495"]
[PlyCount "83"]
[EventDate "1979.08.27"]
[EventType "team-tourn"]
[EventRounds "9"]
[EventCountry "YUG"]
[SourceTitle "EXT 2010"]
[Source "ChessBase"]
[SourceDate "2010.11.25"]
[SourceVersion "1"]
[SourceVersionDate "2010.11.25"]
[SourceQuality "1"]
[WhiteTeam "Smederevska Palanka"]
[BlackTeam "Belgrade Crvena Zvezda"]
[WhiteTeamCountry "YUG"]
[BlackTeamCountry "YUG"]

1. c4 Nf6 2. Nc3 e6 3. e4 c5 4. f4 Nc6 5. g3 d5 6. e5 d4 7. Nb1 Ng8 8. d3 b6 9. Bg2 Bb7 10. Nf3 Be7 11. 0-0 Nh6 12. Nbd2 Nf5 13. Ne4 h5 14. Qe2 Qd7 15. Bd2 a5 16. a3 a4 17. h3 Na5 18. g4 hxg4 19. hxg4 Nh6 20. Bxa5 Rxa5 21. Nfd2 Kd8 22. Rab1 Kc7 23. b4 axb3 24. Nxb3 Ra7 25. a4 Rb8 26. a5 Bxe4 27. Qxe4 bxa5 28. Nxa5 Rxa5 29. Rxb8 Kxb8 30. Rb1+ Kc8 31. Rb7 Nxg4 32. Rxd7 Ra1+ 33. Bf1 Kxd7 34. Qb7+ Kd8 35. Qb2 Rd1 36. Qb6+ Kd7 37. Qa7+ Kd8 38. Qa8+ Kc7 39. Qe8 Ne3 40. Qxe7+ Kb6 41. Qd8+ Kb7 42. Qd7+ 1-0